Contemporary Indian writing in English / (Record no. 181763)
[ view plain ]
| 000 -LEADER | |
|---|---|
| fixed length control field | 00598nam a22001817a 4500 |
| 005 - DATE AND TIME OF LATEST TRANSACTION | |
| control field | 20221017143645.0 |
| 010 ## - LCCN (DPL NO) | |
| LC control number | B-745995 |
| 020 ## - INTERNATIONAL STANDARD BOOK NUMBER | |
| International Standard Book Number | 9788126928866 |
| Terms of availability | 695.00 |
| 035 ## - SYSTEM CONTROL NUMBER | |
| System control number | B-745995 |
| 037 ## - SOURCE OF ACQUISITION | |
| Source of stock number/acquisition | Atlantic Publishers & Distributors |
| 082 ## - DEWEY DECIMAL CLASSIFICATION NUMBER | |
| Classification number | 820.99540904 |
| 245 ## - TITLE STATEMENT | |
| Title | Contemporary Indian writing in English / |
| Statement of responsibility, etc | edited by Charu Mehrotra |
| 260 ## - PUBLICATION, DISTRIBUTION, ETC. (IMPRINT) | |
| Place of publication, distribution, etc | New Delhi |
| Name of publisher, distributor, etc | Atlantic Publishers & Distributors |
| Date of publication, distribution, etc | 2019 |
| 270 ## - ADDRESS | |
| Address | 7/22,Ansari Road,Daryaganj, |
| City | New Delhi |
| Postal code | 110002 |
| 300 ## - PHYSICAL DESCRIPTION | |
| Extent | x, 227p. |
| Dimensions | 22cm(Hb) |
| 700 ## - ADDED ENTRY--PERSONAL NAME | |
| Personal name | Mehrotra,Charu |
| 942 ## - ADDED ENTRY ELEMENTS (KOHA) | |
| Source of classification or shelving scheme | Dewey Decimal Classification |
| Item type | English Books |
| Call number suffix | CON |
| Classification part | 820.99540904 |
| Withdrawn status | Lost status | Not for loan | Collection code | Home library | Current library | Date acquired | Source of acquisition | Cost, normal purchase price | Full call number | Barcode | Copy number | Cost, replacement price | Koha item type |
|---|---|---|---|---|---|---|---|---|---|---|---|---|---|
| Non-fiction | Central Library | Central Library | 17/10/2022 | 6.10.22/Gift | 695.00 | 820.99540904 CON | B-745995 | 1 | 695.00 | English Books |
